000 01197cam a2200313 a 4500
001 12731334
003 OSt
005 20241204174438.0
008 020405s2001 enka b 001 0 eng d
020 _a034074071X
020 _a0340740728 (pbk.)
040 _bENGLISH
_cARNOLD PUBLISHERS
050 0 0 _aPE1576
_b.G67 2001
082 0 0 _a420/.1/4
_221
100 1 _aGramley, Stephan,
_d1943-
245 1 4 _aThe vocabulary of world English /
_cStephan Gramley.
260 _aLondon :
_bArnold ;
_aNew York :
_bCo-published in the United States of America by Oxford University Press,
_c2001.
300 _axiv, 323 p. :
_bill. ;
_c25 cm.
440 4 _aThe English language series
650 0 _aLexicology.
650 0 _aEnglish language
_xSemantics.
650 0 _aEnglish language
_xEtymology.
650 0 _aEnglish language
_xVariation
_zEnglish-speaking countries.
650 0 _aEnglish language
_xVariation
_zForeign countries.
650 0 _aLexicology
_vProblems, exercises, etc.
856 4 1 _3Table of contents only
_uhttp://www.loc.gov/catdir/toc/fy032/2002277753.html
856 4 2 _3Publisher description
_uhttp://www.loc.gov/catdir/enhancements/fy0613/2002277753-d.html
942 _2lcc
_cBK
_n0
999 _c1954
_d1954